2. Bundesliga Meister Sudden Death - Statistiken

Allgemein
  • Dieses Quiz wurde 90 mal gespielt
  • Das Durchschnittsergebnis liegt bei 5 aus 10
Answers on the Grid
Answers color-coded by a green-red scale on the quiz's grid according to % correct below.
Paderborn
St. Pauli
Magdeburg
Köln
Heidenheim
Holstein Kiel
Schalke
Preußen Münster
Duisburg
Bochum
Bielefeld
Cottbus
Düsseldorf
Mainz
Stuttgart
Freiburg
Wolfsburg
Ingolstadt
 
Antwortstatistiken
Antwort % Korrekt
Schalke
75%
Köln
68%
St. Pauli
58%
Stuttgart
56%
Freiburg
49%
Bochum
44%
Heidenheim
40%
Düsseldorf
36%
Bielefeld
34%
Ingolstadt
27%
Keine übereinstimmenden Quizze gefunden
Verteilung der Resultate
Anzahl Personen mit jedem Resultat
Perzentil nach korrekt beantworteten Fragen
Ihre Resultats-Entwicklung
Sie haben dieses Quiz noch nicht gespielt